000 00908cab a2200289 4500
001 WB3108-38
008 090401t1995 xxu||||| |||| 00| 0 eng d
035 _a(Sirsi) u9701
041 _aeng
245 _aMarket towns killed off
260 _c1995
350 _a0
490 _aIndependent on Sunday
_v19 February 1995, 1&4(2)
520 _aThe precarious future of market towns will be considered in the Rural White Paper but there are admissions from government that out-of-town development has done irreparable damage. Case study of Ludlow.
650 _aCOMPENSATION
650 _aLUDLOW
650 _aMARKET TOWNS
650 _aOUT-OF-TOWN DEVELOPMENT
650 _aOUT-OF-TOWN SHOPPING
650 _aPLANNING POLICY
650 _aRURAL WHITE PAPER
650 _aSUPERSTORES
650 _aTOWN CENTRES
690 _aPLANNING LAW AND PRACTICE
942 _n0
948 _c04/03/1997
999 _c6093
_d6093